| 000 | 00390cam a2200145ua 4500 | ||
|---|---|---|---|
| 041 |
_aeng _h |
||
| 082 |
_a028.7182 _bIVE/HA |
||
| 100 | _aIvergard, Toni . | ||
| 245 |
_aHand book of control room design and ergonomics / _cToni Ivergard. _hTextual Documents |
||
| 260 |
_aLondon : _bTaylor & Francis Ltd. , _c1989. |
||
| 300 | _a220 ; . | ||
| 504 | _a | ||
| 942 | _cBK | ||
| 999 |
_c7029 _d7029 |
||